Statistics for What We Do In The Shadows (FILM)

Click here to take the quiz!

General Stats

  • This quiz has been taken 61 times
  • The average score is 8 of 10

Answer Stats

HintAnswer% Correct
What year was the film released in New Zealand?2014
94%
Finish the quote; Werewolves not _____________Swearwolves
83%
Who is Jackie to Deacon?His Familiar
81%
Which of the four original vampires we meet dies?Petyr
81%
And what was her relationship to Vladislav?Ex-Girlfriend
80%
Which role is played by Taika Waititi?Viago
80%
What does Nick eat on their night out that causes him to vomit endlessly?A Chip
78%
What is the name of the human IT worker who follows the group around, only to be turned into a werewolf at the end of the film?Stu
76%
What is the nickname given to the guest of honour at the Unholy Masquerade?The Beast
76%
What is the name of the spin-off TV show centered around New Zealand police officers?Wellington Paranormal
59%

Score Distribution

Percentile by Number Answered

Percent of People with Each Score

Your Score History

You have not taken this quiz